Udržateľnosť podnikov a zelený rast
Stratégia zeleného rastu, analýza indikátorov zeleného rastu s dôrazom na indikátory v oblasti ekonomických nástrojov, konkrétne na ceny a dane, inovácie a dobrovoľné nástroje environmentálnej politiky a poukázanie na možné uplatnenie vybraných nástrojov environmentálnej politiky v podnikovej praxi....
Salvato in:
| Autore principale: | |
|---|---|
| Altri autori: | |
| Natura: | Capitolo di libro |
| Lingua: | slovacco |
| Soggetti: | |
| Tags: |
Nessun Tag, puoi essere il primo ad aggiungerne!!
|
MARC
| LEADER | 00000nla a2200000 4500 | ||
|---|---|---|---|
| 001 | 0207551 | ||
| 005 | 20240502073442.0 | ||
| 041 | 0 | |a slo | |
| 044 | |a SK | ||
| 245 | 1 | 0 | |a Udržateľnosť podnikov a zelený rast |c Brigita Boorová, Zuzana Marečková |
| 520 | |a Stratégia zeleného rastu, analýza indikátorov zeleného rastu s dôrazom na indikátory v oblasti ekonomických nástrojov, konkrétne na ceny a dane, inovácie a dobrovoľné nástroje environmentálnej politiky a poukázanie na možné uplatnenie vybraných nástrojov environmentálnej politiky v podnikovej praxi. Súčasný súbor indikátorov využívaných v SR tvorí 32 národných ukazovateľov rozdelených do 4 kľúčových oblastí, a to: environmentálna a zdrojová produktivita, ekonomické nástroje a politické opatrenia, environmentálna kvalita života a základňa prírodného bohatstva. Podiel environmentálnych daní na celkových daňových príjmoch v SR. Pozitívny trend vývoja zaznamenávame v oblasti environmentálnych manažérskych systémov podľa ISO 14 001. | ||
| 610 | 2 | 0 | |a podnik |
| 610 | 2 | 0 | |a politika environmentálna |
| 610 | 2 | 0 | |a ukazovatele |
| 610 | 2 | 0 | |a nástroje ekonomické |
| 610 | 2 | 0 | |a dane ekologické |
| 610 | 2 | 0 | |a systémy environmentálne manažérske |
| 610 | 2 | 0 | |a Slovensko |
| 100 | 1 | |a Boorová, Brigita, 1979- | |
| 700 | 1 | |a Marečková, Zuzana | |